Statistics for U.S. Secretaries of the Treasury by Picture

Click here to take the quiz!

General Stats

  • This quiz has been taken 41 times
    (31 since last reset)
  • The average score is 16 of 79

Answer Stats

Answer% Correct
Alexander Hamilton
100%
Janet Yellen
86%
Steven Mnuchin
86%
Jacob J. Lew
64%
Timothy F. Geithner
64%
George P. Schultz
57%
James A. Baker III
57%
John B. Connally, Jr.
57%
Robert E. Rubin
57%
Henry M. Paulson, Jr.
50%
Lawrence H. Summers
50%
Donald T. Regan
43%
Salmon P. Chase
36%
John W. Snow
29%
Lloyd Bentsen
29%
Nicholas F. Brady
29%
Paul H. O'Neill
29%
Roger B. Taney
29%
W. Michael Blumenthal
29%
Albert Gallatin
21%
G. William Miller
21%
Richard Rush
21%
William E. Simon
21%
William H. Crawford
21%
Alexander J. Dallas
14%
Andrew W. Mellon
14%
Fred M. Vinson
14%
Henry Morgenthau, Jr.
14%
John Sherman
14%
Robert J. Walker
14%
Samuel Dexter
14%
Thomas Corwin
14%
William A. Richardson
14%
William Windom
14%
Andy Baukol
7%
Benjamin H. Bristow
7%
Carter Glass
7%
C. Douglas Dillon
7%
Charles J. Folger
7%
Charles S. Fairchild
7%
Charles W. Foster
7%
Daniel Manning
7%
David F. Houston
7%
David M. Kennedy
7%
Franklin MacVeagh
7%
George B. Cortelyou
7%
George M. Bibb
7%
George S. Boutwell
7%
George W. Campbell
7%
Henry H. Fowler
7%
Howell Cobb
7%
Hugh McCulloch
7%
James Guthrie
7%
John A. Dix
7%
John C. Spencer
7%
John G. Carlisle
7%
John W. Snyder
7%
Kenneth W. Dam
7%
Leslie M. Shaw
7%
Levi Woodbury
7%
Lot M. Morrill
7%
Louis McLane
7%
Lyman J. Gage
7%
M. Peter McPherson
7%
Neal S. Wolin
7%
Ogden L. Mills
7%
Oliver Wolcott, Jr.
7%
Philip F. Thomas
7%
Robert B. Anderson
7%
Robert M. Kimmitt
7%
Samuel D. Ingham
7%
Stuart A. Levey
7%
Thomas Ewing
7%
Walter Forward
7%
Walter Q. Gresham
7%
William G. McAdoo
7%
William H. Woodin
7%
William J. Duane
7%
William P. Fessenden
7%

Score Distribution

Percentile by Number Answered

Percent of People with Each Score

Your Score History

You have not taken this quiz since the last reset